000 01878nam a2200313 i 4500
001 000021061
003 DO-SdBNP
005 20250318154152.0
008 100830s2000 dr c 000 0 spa d
040 _aDO-SdBNP
_bspa
_cBNPHU
_erda
049 _aBNPD
082 4 _a972.9302
_bC933c
_222
245 0 0 _aCristobal Colón :
_bantropología e historia del encuentro de dos mundos /
_cedición José G. Guerrero y Harold Olsen Bogaert.
250 _a2a edición
264 4 _aSanto Domingo :
_bMuseo del Hombre Dominicano
_bSecretaría de Estado de Cultura,
_c2000.
300 _a69 páginas :
_bretratos ;
_c21 cm.
336 _atexto
_btxt
_2rdacontent
337 _asin mediación
_bn
_2rdamedia
338 _avolumen
_bnc
_2rdacarrier
505 2 _aPresentación /
_rCarlos Andújar Persinal --
_tColón en busca de la India encontró América /
_rJosé G. Guerrero --
_tLas Antillas del descubrimiento: arqueología y etnología /
_rJosé G. Guerrero y Marcio Veloz Maggiolo --
_tGuanahaní, 12 de octubre de 1492 /
_rCarlos Hernández Soto --
_tEl escudo colombino: una propuesta para el V Centenario /
_r Juan Rodríguez --
_tapuntes para el estudio de la geografía prehispánica de la Isla de Santo Dominigo /
_r Dato Pagán Perdomo --
_tLa utopía colombiana /
_rFernándo Pérez Memén --
_tAntropología física de los aborígenes a la llegada de Colón /
_rFernándo Luna Calderón --
_tHuellas museográficas de Cristbal Colón /
_rMoisés E. De Soto David.
590 _aInventariado, 2024/BT
600 1 4 _aColón, Cristobal,
_d1436-1456
_919795
651 4 _aRepública Dominicana
_xHistoria
_9170
651 4 _aAmérica --
_xDescubrimiento y exploración --
_xEspañoles
_9544
_vEnsayo, conferencias, etc.
700 1 _aGuerrero, José G.,
_eeditor
_4ed.
_918729
700 1 _aOlsen Bohaert, Harold,
_eeditor
_4ed.
_944050
910 _aBtavárez
942 _2ddc
_cLBS1
999 _c20564
_d20564